000
00275nam a2200121Ia 4500
005
20251222144656.0
008
251222s9999||||xx |||||||||||||| ||spa||
082
_a
868.853/C24
100
_a
"Camoes, Luis Vaz de"
245
0
_a
Los Lusiadas
250
_a
2a.ed.
942
_c
LIB
999
_c
17261
_d
17261